Geboren in Chemnitz - Statistiken

Allgemein
  • Dieses Quiz wurde 83 mal gespielt
    37 seit der letzten Aktualisierung
  • Das Durchschnittsergebnis liegt bei 4 aus 14
Antwortstatistiken
Hinweis Antwort % Korrekt
Fraktionsvorsitzender der AfD und früherer CDU-Politiker 1941 Alexander Gauland
61%
Sänger der Band "Kraftklub" 1989 Felix Kummer
61%
Rapper und Sänger, "Grauer Beton" "Standard" 1973 Trettmann
52%
Torwart von FC Schalke 04 1988 Ralf Fährmann
45%
früherer DDR- und BRD-Nationalspieler (u.a Karlsruher SC) und heutiger Trainer ( Kaiserslautern, Darmstadt, Augsburg und Erzgebirge Aue) 1967 Dirk Schuster
39%
SPD-Politikerin und langjährige Bürgermeisterin von Chemnitz 1962 Barbara Ludwig
30%
einer der bedeutendesten Schriftsteller der DDR, "Der König David Berichtet" "5 Tage im Juni" 1913 Stefan Heym
21%
Fußballer, KAA Gent (früher Hertha BSC Berlin) 1997 Jordan Torunarigha
18%
Maler und wichtiger Vertreter der Expressionismus 1884 Karl Schmidt-Rotluff
15%
langjährige Nationalspielerin, Weltmeisterin und Olympiasiegerin 1985 Anja Mittag
9%
Musiker und Komponist des Soundtracks des Spiels "Minecraft" 1989 Daniel Rosenfeld
9%
eine der bekanntesten Bauhaus-Künstlerinnen 1893 Marianne Brandt
9%
Eisschnellläufer und Silbermedaillengewinner bei der Weltmeisterschaft 2017 1985 Nico Ihle
9%
deutsch-amerikanischer Medienunternehmer und zwischenzeitlich reichster Mann der USA 1914 John Kluge
3%
Keine übereinstimmenden Quizze gefunden
Verteilung der Resultate
Anzahl Personen mit jedem Resultat
Perzentil nach korrekt beantworteten Fragen
Ihre Resultats-Entwicklung
Sie haben dieses Quiz seit der letzten Aktualisierung nicht gespielt